Tilastot visalle Afrikan suurimmat kaupungit

Klikkaa tästä pelataksesi tätä visaa!

Yleistilastot

  • Tätä visaa on pelattu 235 kertaa
  • Keskiarvotulos 28 / 50

Vastaustilastot

VäkilukuKaupunki% Oikein
22,5 milj.Kairo
99%
14,6 milj.Johannesburg
/ Pretoria
93%
4,98 milj.Kapkaupunki
92%
6,70 milj.Nairobi
88%
4,25 milj.Alger
83%
20,7 milj.Lagos
83%
2,70 milj.Tunis
81%
4,73 milj.Addis Abeba
80%
2,18 milj.Mogadishu
78%
1,82 milj.Tripoli
78%
15,6 milj.Kinshasa
77%
3,93 milj.Dakar
75%
2,15 milj.Rabat
75%
4,78 milj.Casablanca
72%
9,35 milj.Luanda
72%
2,90 milj.Abuja
71%
6,20 milj.Aleksandria
69%
6,60 milj.Accra
68%
7,05 milj.Khartum
64%
2,40 milj.Brazzaville
62%
4,13 milj.Kampala
62%
2,33 milj.Lusaka
62%
6,25 milj.Dar es Salaam
61%
2,63 milj.Harare
59%
3,05 milj.Antananarivo
58%
2,53 milj.Maputo
57%
1,48 milj.Niamey
51%
3,30 milj.Ouagadougou
51%
1,87 milj.Monrovia
50%
1,89 milj.Kigali
49%
1,88 milj.N'Djamena
48%
5,45 milj.Bamako
46%
2,55 milj.Lomé
46%
3,83 milj.Yaoundé
46%
6,80 milj.Abidjan
45%
1,62 milj.Bangui
43%
3,85 milj.Durban
43%
2,88 milj.Conakry
40%
5,20 milj.Kano
38%
1,40 milj.Nouakchott
30%
3,78 milj.Douala
28%
2,75 milj.Lubumbashi
28%
2,08 milj.Cotonou
27%
1,60 milj.Oran
27%
3,33 milj.Ibadan
25%
2,20 milj.Port Harcourt
25%
2,88 milj.Kumasi
23%
1,75 milj.Benin City
20%
1,93 milj.Kaduna
14%
2,43 milj.Mbuji-Mayi
14%

Tulosjakauma

Persentiili vastausten määrän mukaan

Jokaisen tuloksen saaneiden osuus

Tuloshistoriasi

Et ole pelannut tätä visaa